000
00434nam a2200145Ia 4500
008
100122s9999 xx 000 0 und d
082
_b
21746
_a
823
100
_a
माडखोलकर ग त्र्यं
245
_a
नवे संसार
260
_b
मंदाकिनी टेकाडे
_c
1971
300
_a
340
630
_a
नवे संसार
730
_a
नवे संसार
942
_c
BOOK
999
_c
409701
_d
409698